[Event "Campeonato de España Universitario 2008"]
[Site "Madrid ESP"]
[Date "2008.05.09"]
[Round "6.69"]
[White "Devesa Raris, Victor Hugo"]
[Black "Torrenta Planas, Marcel"]
[Result "0-1"]
[WhiteElo "1903"]
[BlackElo "2046"]
[PlyCount "116"]
[EventDate "2008.05.08"]
[EventType "swiss"]
[EventRounds "9"]
[EventCountry "ESP"]
[Source "lmi"]
[SourceDate "2008.05.08"]

1. e4 e5 2. Nf3 Nf6 3. Nc3 Nc6 4. Bb5 Bc5 5. O-O d6 6. h3 O-O 7. d3 h6 8. Ne2
Bd7 9. c3 Re8 10. Ng3 a6 11. Ba4 Bb6 12. Re1 Ne7 13. Bc2 Ng6 14. d4 Qc8 15. a4
c6 16. Be3 Bc7 17. a5 Nf4 18. Bxf4 exf4 19. Ne2 g5 20. Kh2 Nxe4 21. Bxe4 Rxe4
22. d5 Qe8 23. Qd3 c5 24. Ned4 Rxe1 25. Rxe1 Qf8 26. Nb3 Re8 27. Rxe8 Qxe8 28.
c4 Qe7 29. Qd2 Qe4 30. Qc3 Bd8 31. Nbd2 Qe2 32. Qb3 Bc8 33. Qa4 Kf8 34. Qc2 Kg7
35. Qa4 Bf6 36. b4 Qxf2 37. bxc5 Qg3+ 38. Kh1 dxc5 39. d6 Qf2 40. d7 Bxd7 41.
Qxd7 Bc3 42. Ne4 Qf1+ 43. Kh2 Bxa5 44. Qxb7 Qxc4 45. Nd6 Qe6 46. Qxa6 Bc7 47.
Qa1+ Kf8 48. Qa8+ Ke7 49. Ne4 c4 50. Qa3+ Kd8 51. Nc5 Qd5 52. Na6 Bd6 53. Qc3
Ke7 54. Nb4 Qe6 55. Nd5+ Qxd5 56. Qe1+ Kf6 57. Qc3+ Kg6 58. Qc2+ Qd3 0-1

[Event "Campeonato de España Universitario 2008"]
[Site "Madrid ESP"]
[Date "2008.05.09"]
[Round "6.71"]
[White "Zamarreño Cuerda, Eva"]
[Black "Martin Mascaro, Juan"]
[Result "1-0"]
[WhiteElo "1839"]
[BlackElo "2016"]
[PlyCount "60"]
[EventDate "2008.05.08"]
[EventType "swiss"]
[EventRounds "9"]
[EventCountry "ESP"]
[Source "lmi"]
[SourceDate "2008.05.08"]

1. e4 g6 2. Nf3 Bg7 3. Nc3 d6 4. d4 Nd7 5. Bc4 h6 6. O-O c6 7. Be3 b5 8. Bb3 a5
9. a3 Ba6 10. Re1 Qc7 11. Qd2 Rd8 12. Rad1 e5 13. dxe5 dxe5 14. Qc1 Ngf6 15.
Ne2 Nxe4 16. c4 Nec5 17. Ba2 e4 18. Bf4 Qc8 19. Ng3 O-O 20. Nxe4 Nxe4 21. Rxe4
Nf6 22. Red4 Rxd4 23. Nxd4 Rd8 24. cxb5 cxb5 25. Qb1 Qg4 26. Be3 Nh5 27. h3 Qh4
28. Qxg6 Kh8 29. Bxf7 Qf6 30. Qxh5 Bb7 1-0

[Event "Campeonato de España Universitario 2008"]
[Site "Madrid ESP"]
[Date "2008.05.09"]
[Round "6.73"]
[White "Pitarch Miguel, Pablo"]
[Black "Moya Hernandez, Alvaro"]
[Result "1/2-1/2"]
[WhiteElo "1944"]
[BlackElo "1809"]
[PlyCount "44"]
[EventDate "2008.05.08"]
[EventType "swiss"]
[EventRounds "9"]
[EventCountry "ESP"]
[Source "lmi"]
[SourceDate "2008.05.08"]

1. e4 c6 2. d4 d5 3. e5 Bf5 4. Nc3 e6 5. Nce2 Nd7 6. Ng3 Bg6 7. h4 h6 8. h5 Bh7
9. Bd3 Bxd3 10. Qxd3 c5 11. c3 cxd4 12. cxd4 Ne7 13. Nf3 Nc6 14. a3 Be7 15. Bd2
Nb6 16. b3 a5 17. a4 Nb4 18. Qb5+ Nd7 19. Rc1 Qb6 20. Qxb6 Nxb6 21. Rc7 Rb8 22.
O-O Na8 1/2-1/2

[Event "Campeonato de España Universitario 2008"]
[Site "Madrid ESP"]
[Date "2008.05.09"]
[Round "6.76"]
[White "Ortiz Fernandez, David"]
[Black "Campomanes Rodriguez, Javier"]
[Result "1/2-1/2"]
[WhiteElo "1905"]
[BlackElo "1710"]
[PlyCount "119"]
[EventDate "2008.05.08"]
[EventType "swiss"]
[EventRounds "9"]
[EventCountry "ESP"]
[Source "lmi"]
[SourceDate "2008.05.08"]

1. e4 d5 2. exd5 Qxd5 3. Nc3 Qd6 4. d4 Nf6 5. Nf3 a6 6. h3 Nc6 7. Be3 Bf5 8.
Bc4 e6 9. O-O Be7 10. Ne2 Nd5 11. Qd2 Nxe3 12. fxe3 O-O 13. Rae1 Rad8 14. c3 b5
15. Bd3 Bxd3 16. Qxd3 Ne5 17. Qc2 Nc4 18. Nc1 Qb6 19. Nd3 c5 20. b3 Na5 21.
Nde5 Bf6 22. Ng4 Be7 23. Nfe5 Nc6 24. Rf3 h5 25. Nxc6 Qxc6 26. Ne5 Qc7 27. Ref1
Bf6 28. Rxf6 gxf6 29. Rxf6 cxd4 30. exd4 Kg7 31. Qf2 Qe7 32. Rf4 f5 33. Qg3+
Kh7 34. Qg6+ Kh8 35. Nc6 Qh7 36. Qxh7+ Kxh7 37. Nxd8 Rxd8 38. Kf2 Kg6 39. h4
Kf6 40. Ke3 Rd5 41. Rf2 e5 42. dxe5+ Rxe5+ 43. Kf3 Re4 44. g3 Ke5 45. Rd2 f4
46. gxf4+ Rxf4+ 47. Kg3 Rg4+ 48. Kh3 Re4 49. Rd3 Re2 50. a4 bxa4 51. bxa4 Re4
52. Rd4 Rxd4 53. cxd4+ Kxd4 54. Kg3 Ke4 55. a5 Ke3 56. Kg2 Kf4 57. Kf2 Kg4 58.
Kg2 Kxh4 59. Kh2 Kg5 60. Kh3 1/2-1/2

[Event "Campeonato de España Universitario 2008"]
[Site "Madrid ESP"]
[Date "2008.05.10"]
[Round "7.2"]
[White "Ibarra Jerez, Jose Carlos"]
[Black "Cruz Alvarez De Ron, Dan"]
[Result "1-0"]
[WhiteElo "2496"]
[BlackElo "2269"]
[PlyCount "63"]
[EventDate "2008.05.08"]
[EventType "swiss"]
[EventRounds "9"]
[EventCountry "ESP"]
[Source "lmi"]
[SourceDate "2008.05.08"]

1. e4 g6 2. d4 Bg7 3. Nc3 d6 4. Be3 Nd7 5. Qd2 a6 6. g4 b5 7. Bg2 Bb7 8. Nge2
c5 9. Ng3 Nb6 10. b3 b4 11. Nce2 a5 12. O-O Qc7 13. c3 Nf6 14. h3 O-O 15. Rac1
Qd7 16. g5 Ne8 17. cxb4 axb4 18. dxc5 dxc5 19. Rxc5 Qxd2 20. Bxd2 Rxa2 21. Bxb4
Ba6 22. Re1 Nd6 23. e5 Nf5 24. Nc1 Ra1 25. Bc3 Rb1 26. Be4 Nd7 27. Ra5 Rxc1 28.
Rxc1 Nxg3 29. fxg3 Bc8 30. e6 fxe6 31. Bxg7 Kxg7 32. Ra8 1-0

[Event "Campeonato de España Universitario 2008"]
[Site "Madrid ESP"]
[Date "2008.05.10"]
[Round "7.3"]
[White "Montero Melendez, Rafael"]
[Black "Almagro Llamas, Pablo"]
[Result "1/2-1/2"]
[WhiteElo "2295"]
[BlackElo "2472"]
[PlyCount "36"]
[EventDate "2008.05.08"]
[EventType "swiss"]
[EventRounds "9"]
[EventCountry "ESP"]
[Source "lmi"]
[SourceDate "2008.05.08"]

1. d4 d5 2. c4 c6 3. Nc3 Nf6 4. cxd5 cxd5 5. Bf4 Nc6 6. e3 a6 7. Rc1 e6 8. Bd3
h6 9. h3 Bd6 10. Nge2 Bxf4 11. Nxf4 O-O 12. O-O Re8 13. Bb1 e5 14. dxe5 Rxe5
15. Qb3 Na5 16. Qb4 Nc6 17. Qb3 Na5 18. Qb4 Nc6 1/2-1/2

[Event "Campeonato de España Universitario 2008"]
[Site "Madrid ESP"]
[Date "2008.05.10"]
[Round "7.4"]
[White "Rodriguez Guerrero, Enrique"]
[Black "Mayans Calvo, Mariano"]
[Result "1-0"]
[WhiteElo "2457"]
[BlackElo "2223"]
[PlyCount "55"]
[EventDate "2008.05.08"]
[EventType "swiss"]
[EventRounds "9"]
[EventCountry "ESP"]
[Source "lmi"]
[SourceDate "2008.05.08"]

1. e4 e6 2. d4 d5 3. Nc3 Nf6 4. e5 Nfd7 5. f4 c5 6. Nf3 Nc6 7. Be3 a6 8. Qd2 b5
9. dxc5 Bxc5 10. Ne2 f6 11. Bxc5 Nxc5 12. Ned4 Ne4 13. Qe3 Nxd4 14. Qxd4 fxe5
15. fxe5 O-O 16. O-O-O Qa5 17. Kb1 b4 18. Bd3 Nc5 19. Bxh7+ Kxh7 20. Qh4+ Kg8
21. Ng5 Rf5 22. Qh7+ Kf8 23. Rhf1 Qb5 24. Rxf5+ exf5 25. Qh8+ Ke7 26. Qxg7+ Kd8
27. Rxd5+ Bd7 28. Qf8+ 1-0

[Event "Campeonato de España Universitario 2008"]
[Site "Madrid ESP"]
[Date "2008.05.10"]
[Round "7.5"]
[White "Llaneza Vega, Marcos"]
[Black "Burguete Archel, Eduardo"]
[Result "1-0"]
[WhiteElo "2425"]
[BlackElo "2179"]
[PlyCount "97"]
[EventDate "2008.05.08"]
[EventType "swiss"]
[EventRounds "9"]
[EventCountry "ESP"]
[Source "lmi"]
[SourceDate "2008.05.08"]

1. e4 e5 2. Nf3 Nc6 3. Nc3 Nf6 4. Bb5 Bd6 5. O-O O-O 6. a3 Re8 7. d3 h6 8. Ne2
Bf8 9. Ng3 g6 10. c3 Bg7 11. Qe2 d5 12. exd5 Nxd5 13. Re1 Qe7 14. Bd2 Bd7 15.
c4 Nb6 16. Bc3 Qd8 17. Qc2 Nd4 18. Nxd4 exd4 19. Bxd7 Qxd7 20. Bd2 Rxe1+ 21.
Rxe1 Re8 22. Rxe8+ Qxe8 23. b3 Nd7 24. Kf1 Ne5 25. Bf4 Qe7 26. b4 a5 27. Bd2
axb4 28. axb4 Kh7 29. h3 Qd7 30. Be1 Qc6 31. Qe2 Qa4 32. f4 Nc6 33. b5 Nb4 34.
Bxb4 Qxb4 35. h4 h5 36. Ne4 f6 37. g3 c6 38. bxc6 bxc6 39. f5 Qb1+ 40. Kg2 gxf5
41. Qxh5+ Kg8 42. Qxf5 Kf7 43. Ng5+ Ke7 44. Qe6+ Kd8 45. Qg8+ Kc7 46. Qxg7+ Kb6
47. Ne6 Ka6 48. Nc5+ Kb6 49. Qb7+ 1-0

[Event "Campeonato de España Universitario 2008"]
[Site "Madrid ESP"]
[Date "2008.05.10"]
[Round "7.6"]
[White "Massanet Massanet, Sebastian"]
[Black "Andres Gonzalez, Ivan"]
[Result "1/2-1/2"]
[WhiteElo "2278"]
[BlackElo "2324"]
[PlyCount "72"]
[EventDate "2008.05.08"]
[EventType "swiss"]
[EventRounds "9"]
[EventCountry "ESP"]
[Source "lmi"]
[SourceDate "2008.05.08"]

1. e4 c5 2. Nf3 Nc6 3. d4 cxd4 4. Nxd4 Nf6 5. Nc3 e5 6. Ndb5 d6 7. Bg5 a6 8.
Na3 b5 9. Nd5 Be7 10. Bxf6 Bxf6 11. c3 O-O 12. Nc2 Bg5 13. a4 bxa4 14. Rxa4 Rb8
15. b4 a5 16. b5 Ne7 17. Nce3 Bxe3 18. Nxe3 Qc7 19. Qd2 Bb7 20. f3 f5 21. Bc4+
Kh8 22. exf5 d5 23. Be2 Rbc8 24. c4 dxc4 25. Rxc4 Qb6 26. Rxc8 Rxc8 27. Kf2
Nxf5 28. Rd1 Nd4 29. Qd3 Rf8 30. Kf1 a4 31. Nc4 Qxb5 32. Nxe5 Qxe5 33. Qxd4
Qxh2 34. Qxa4 Qe5 35. Qd4 Qxd4 36. Rxd4 Bc6 1/2-1/2

[Event "Campeonato de España Universitario 2008"]
[Site "Madrid ESP"]
[Date "2008.05.10"]
[Round "7.7"]
[White "Gonzalez Somoza, Oliver"]
[Black "Martin Alvarez, Iñigo"]
[Result "1-0"]
[WhiteElo "2333"]
[BlackElo "2214"]
[PlyCount "109"]
[EventDate "2008.05.08"]
[EventType "swiss"]
[EventRounds "9"]
[EventCountry "ESP"]
[Source "lmi"]
[SourceDate "2008.05.08"]

1. d4 d5 2. c4 c6 3. Nf3 Nf6 4. e3 g6 5. b3 Bg7 6. Bb2 O-O 7. Nbd2 Bg4 8. h3
Bxf3 9. gxf3 Nbd7 10. f4 c5 11. Bg2 e6 12. O-O Rc8 13. Qe2 b6 14. Rfd1 Qe7 15.
Ba3 Rfd8 16. Rac1 Qe8 17. Bb2 Nh5 18. Nf3 dxc4 19. Rxc4 cxd4 20. Bxd4 Rxc4 21.
Qxc4 e5 22. Nxe5 Nxe5 23. fxe5 Bxe5 24. Bd5 b5 25. Qc5 Rc8 26. Qxa7 Bxd4 27.
Qxd4 Qe7 28. Qe4 Qg5+ 29. Qg4 Qxg4+ 30. hxg4 Nf6 31. Bf3 Rc2 32. a4 bxa4 33.
bxa4 Ra2 34. Rd4 h5 35. gxh5 Nxh5 36. Bd5 Ra1+ 37. Kg2 Nf6 38. Bb3 Kg7 39. Rb4
Rb1 40. a5 Ne4 41. Rxe4 Rxb3 42. Ra4 Rb7 43. a6 Ra7 44. Kf3 Kf6 45. Kf4 g5+ 46.
Kg4 Kg6 47. Ra5 f6 48. e4 Kf7 49. Kf5 Ke7 50. f3 Kf7 51. e5 fxe5 52. Kxe5 g4
53. fxg4 Ke7 54. g5 Kd7 55. g6 1-0

[Event "Campeonato de España Universitario 2008"]
[Site "Madrid ESP"]
[Date "2008.05.10"]
[Round "7.8"]
[White "Serna Lara, Sergio"]
[Black "Pena Gomez, Manuel"]
[Result "0-1"]
[WhiteElo "2248"]
[BlackElo "2312"]
[PlyCount "112"]
[EventDate "2008.05.08"]
[EventType "swiss"]
[EventRounds "9"]
[EventCountry "ESP"]
[Source "lmi"]
[SourceDate "2008.05.08"]

1. d4 Nf6 2. c4 c5 3. d5 e6 4. Nc3 exd5 5. cxd5 d6 6. e4 g6 7. f4 Bg7 8. Bb5+
Nfd7 9. Nf3 a6 10. Bd3 b5 11. a3 O-O 12. O-O Nf6 13. f5 Nbd7 14. Bf4 Re8 15.
Kh1 b4 16. axb4 cxb4 17. Na4 Nxe4 18. Bxe4 Rxe4 19. Bxd6 Nf6 20. Bg3 Bxf5 21.
d6 Ng4 22. Re1 Bf6 23. Qb3 Be6 24. Qd3 Rxe1+ 25. Rxe1 Qa5 26. b3 Rd8 27. h3 Nh6
28. Be5 Qb5 29. Qxb5 axb5 30. Bxf6 Rxd6 31. Nc5 Nf5 32. Nxe6 fxe6 33. Ra1 Ng3+
34. Kh2 Ne4 35. Be7 Rd3 36. Ra8+ Kg7 37. Bxb4 Rxb3 38. Ra7+ Kg8 39. Be7 Rb1 40.
Ng5 Nd2 41. Bf6 Nf1+ 42. Kg1 Nd2+ 43. Kf2 Rf1+ 44. Ke2 Rxf6 45. Kxd2 Rf2+ 46.
Ke3 Rxg2 47. Kf4 e5+ 48. Kxe5 Rxg5+ 49. Kf4 Rh5 50. Kg4 Kf8 51. h4 Ke8 52. Rb7
Kd8 53. Ra7 Kc8 54. Rf7 b4 55. Kg3 b3 56. Rf2 Rb5 0-1

[Event "Campeonato de España Universitario 2008"]
[Site "Madrid ESP"]
[Date "2008.05.10"]
[Round "7.9"]
[White "Fidalgo Fernandez, Javier"]
[Black "Lara Lopez, Jose"]
[Result "1/2-1/2"]
[WhiteElo "2280"]
[BlackElo "2178"]
[PlyCount "120"]
[EventDate "2008.05.08"]
[EventType "swiss"]
[EventRounds "9"]
[EventCountry "ESP"]
[Source "lmi"]
[SourceDate "2008.05.08"]

1. d4 Nf6 2. Nf3 e6 3. e3 c5 4. Bd3 b6 5. O-O Bb7 6. c4 Be7 7. Nc3 O-O 8. d5 d6
9. e4 e5 10. a3 Bc8 11. h3 Ne8 12. Qc2 g6 13. Bh6 Ng7 14. Nd2 Bg5 15. Bxg5 Qxg5
16. Kh2 f5 17. exf5 gxf5 18. f4 exf4 19. Nf3 Qf6 20. Ne2 Nh5 21. Qc3 Nd7 22.
Qxf6 Rxf6 23. Ne1 f3 24. Nxf3 Ne5 25. Nxe5 dxe5 26. Ng3 Nxg3 27. Kxg3 Bd7 28.
Rae1 Re8 29. Rf2 Kf7 30. Bc2 h5 31. Kh4 e4 32. Bd1 Rg8 33. Bxh5+ Ke7 34. g4 Rh6
35. Rf4 Kd6 36. Ref1 Ke5 37. b3 a5 38. a4 Kd4 39. Rg1 Ke3 40. Rgf1 Kd2 41. g5
Rh7 42. Rxf5 Bxf5 43. Rxf5 e3 44. d6 e2 45. Rd5+ Kc3 46. Re5 Rgh8 47. Re3+ Kb4
48. Kg4 Rxh5 49. Rxe2 Rh4+ 50. Kf5 Rd4 51. Re6 Rxh3 52. g6 Rg3 53. Kf6 Kxb3 54.
Ke7 Kxa4 55. Ke8 Kb4 56. d7 Rgd3 57. Rxb6+ Kxc4 58. Rb7 Re3+ 59. Kf8 Rf3+ 60.
Ke7 Re3+ 1/2-1/2

[Event "Campeonato de España Universitario 2008"]
[Site "Madrid ESP"]
[Date "2008.05.10"]
[Round "7.10"]
[White "Rivas Vila, David"]
[Black "Camacho Collados, Jose"]
[Result "0-1"]
[WhiteElo "2242"]
[BlackElo "2258"]
[PlyCount "81"]
[EventDate "2008.05.08"]
[EventType "swiss"]
[EventRounds "9"]
[EventCountry "ESP"]
[Source "lmi"]
[SourceDate "2008.05.08"]

1. e4 c6 2. Nc3 d5 3. Nf3 g6 4. exd5 cxd5 5. Bb5+ Bd7 6. Qe2 Nf6 7. Ne5 a6 8.
Nxd7 Nbxd7 9. Ba4 Bg7 10. O-O O-O 11. Re1 e6 12. d3 Rc8 13. Bg5 Qc7 14. Qf3 Qa5
15. Bb3 h6 16. Bd2 Kh7 17. g4 Qd8 18. g5 Nh5 19. gxh6 Bxh6 20. Bxh6 Kxh6 21.
Kh1 Qf6 22. Qxf6 Ndxf6 23. Ne2 Rh8 24. Kg2 Kg7 25. h3 Rh6 26. Rh1 Rch8 27. c4
dxc4 28. dxc4 Rc8 29. Rad1 Kf8 30. Rd4 Ke7 31. f4 Ng7 32. Bc2 Nf5 33. Bxf5 gxf5
34. b4 Rg8+ 35. Kf3 Ne4 36. a4 Rhg6 37. b5 Rg2 38. Rd3 Rf2+ 39. Ke3 Rgg2 40.
Nc3 Rg3+ 41. Kd4 0-1

[Event "Campeonato de España Universitario 2008"]
[Site "Madrid ESP"]
[Date "2008.05.10"]
[Round "7.11"]
[White "Rabadan Velasco, Raul"]
[Black "Plasencia Martinez, Victor"]
[Result "1/2-1/2"]
[WhiteElo "2309"]
[BlackElo "2088"]
[PlyCount "136"]
[EventDate "2008.05.08"]
[EventType "swiss"]
[EventRounds "9"]
[EventCountry "ESP"]
[Source "lmi"]
[SourceDate "2008.05.08"]

1. d4 Nf6 2. c4 g6 3. Nc3 Bg7 4. e4 d6 5. Nf3 O-O 6. Be2 e5 7. O-O Nc6 8. d5
Ne7 9. Ne1 Nd7 10. f3 f5 11. g4 fxg4 12. fxg4 Rxf1+ 13. Bxf1 Nf6 14. Be2 h6 15.
h4 Nh7 16. Nd3 c5 17. Be3 Kh8 18. Qd2 Ng8 19. g5 hxg5 20. hxg5 Bf8 21. Kf2 Be7
22. Rg1 Bd7 23. a3 a6 24. b4 b6 25. Rg2 Kg7 26. Qc1 Rc8 27. bxc5 bxc5 28. Ne1
Rb8 29. Nf3 Rb3 30. Bd1 Rb8 31. Ke1 Qc8 32. Rb2 Bg4 33. Rxb8 Qxb8 34. Nxe5 dxe5
35. Bxg4 Qd8 36. Qb2 Bxg5 37. Bxc5 Bf4 38. Qg2 Nh6 39. Bf3 Qc8 40. Na4 Ng5 41.
Bd1 Nhf7 42. Ke2 Bc1 43. Kd3 Qd7 44. Qg4 Qb7 45. Bc2 Nh6 46. Qd1 Bf4 47. Nb6
Qc7 48. Bg1 Nh3 49. c5 Bg5 50. Ba4 Be7 51. Nd7 Nf7 52. Be3 Qa5 53. d6 Bg5 54.
Qb3 Bxe3 55. Kxe3 Qe1+ 56. Kd3 Nf2+ 57. Kc2 Qd1+ 58. Kb2 Qd4+ 59. Ka2 Nxe4 60.
Bc6 Nc3+ 61. Ka1 e4 62. Qb8 Nb5+ 63. Kb1 Qd3+ 64. Kc1 Qxa3+ 65. Kb1 Qb3+ 66.
Kc1 Qc3+ 67. Kb1 Qd3+ 68. Kc1 Qc3+ 1/2-1/2

[Event "Campeonato de España Universitario 2008"]
[Site "Madrid ESP"]
[Date "2008.05.10"]
[Round "7.12"]
[White "Perez Candelario, Manuel"]
[Black "Ibarra Jerez, Juan Miguel"]
[Result "1-0"]
[WhiteElo "2537"]
[BlackElo "2176"]
[PlyCount "55"]
[EventDate "2008.05.08"]
[EventType "swiss"]
[EventRounds "9"]
[EventCountry "ESP"]
[Source "lmi"]
[SourceDate "2008.05.08"]

1. e4 c5 2. Nc3 d6 3. Nge2 Nf6 4. g3 Nc6 5. Bg2 e5 6. d3 h5 7. h3 Be7 8. f4 h4
9. g4 Nh7 10. Nd5 Be6 11. Nxe7 Qxe7 12. O-O f6 13. Be3 g5 14. fxe5 dxe5 15. Nc3
O-O 16. Nd5 Qd6 17. a3 Rad8 18. Qd2 Bxd5 19. exd5 Ne7 20. b4 b6 21. c4 Ng6 22.
bxc5 bxc5 23. Qa5 Qb6 24. Qxc5 Qb2 25. Rab1 Qc2 26. Rb7 Rf7 27. Rxf7 Kxf7 28.
Qc7+ 1-0

[Event "Campeonato de España Universitario 2008"]
[Site "Madrid ESP"]
[Date "2008.05.10"]
[Round "7.13"]
[White "Muñoz Navarro, Alberto"]
[Black "Gavilan Diaz, Mario"]
[Result "0-1"]
[WhiteElo "2178"]
[BlackElo "2300"]
[PlyCount "84"]
[EventDate "2008.05.08"]
[EventType "swiss"]
[EventRounds "9"]
[EventCountry "ESP"]
[Source "lmi"]
[SourceDate "2008.05.08"]

1. e4 c5 2. Nf3 d6 3. d4 cxd4 4. Nxd4 Nf6 5. Nc3 a6 6. Be3 e5 7. Nb3 Be6 8. Nd5
Nbd7 9. f3 Nxd5 10. exd5 Bf5 11. Be2 Be7 12. Qd2 O-O 13. O-O Qc7 14. c4 a5 15.
Rac1 Bg6 16. Rfd1 b6 17. Na1 Nc5 18. Nc2 f5 19. Na3 f4 20. Bf2 e4 21. Nb5 Qd8
22. fxe4 Nxe4 23. Qe1 Nxf2 24. Qxf2 Bh4 25. Qf1 Qe7 26. Bf3 Be4 27. Nd4 Bxf3
28. Nxf3 Qe3+ 29. Kh1 Bf6 30. Re1 Qc5 31. Qe2 Rae8 32. Qxe8 Rxe8 33. Rxe8+ Kf7
34. Re2 b5 35. b3 g5 36. g4 bxc4 37. Kg2 c3 38. h4 h6 39. hxg5 hxg5 40. Rd1 Qc8
41. Kh3 Qa6 42. Re4 c2 0-1

[Event "Campeonato de España Universitario 2008"]
[Site "Madrid ESP"]
[Date "2008.05.10"]
[Round "7.14"]
[White "Lopez Del Alamo, Antonio"]
[Black "Lopez Rodriguez, Walter"]
[Result "0-1"]
[WhiteElo "2299"]
[BlackElo "2167"]
[PlyCount "50"]
[EventDate "2008.05.08"]
[EventType "swiss"]
[EventRounds "9"]
[EventCountry "ESP"]
[Source "lmi"]
[SourceDate "2008.05.08"]

1. e4 d5 2. exd5 Qxd5 3. Nc3 Qe5+ 4. Be2 c6 5. d4 Qc7 6. Nf3 Bf5 7. Ne5 e6 8.
g4 Bg6 9. h4 Nf6 10. Bf3 Bb4 11. Qe2 Nd5 12. Bd2 Bxc3 13. bxc3 Nd7 14. c4 Nxe5
15. dxe5 Ne7 16. Bc3 h6 17. Rd1 Rd8 18. Rxd8+ Kxd8 19. O-O Kc8 20. h5 Bh7 21.
Rb1 Rd8 22. Qe3 Kb8 23. a4 Bxc2 24. Rb2 Bd1 25. Bb4 Nc8 0-1

[Event "Campeonato de España Universitario 2008"]
[Site "Madrid ESP"]
[Date "2008.05.10"]
[Round "7.16"]
[White "Vallejo Diaz, Jesus"]
[Black "Garcia Brion, Eduardo"]
[Result "0-1"]
[WhiteElo "2269"]
[BlackElo "2158"]
[PlyCount "54"]
[EventDate "2008.05.08"]
[EventType "swiss"]
[EventRounds "9"]
[EventCountry "ESP"]
[Source "lmi"]
[SourceDate "2008.05.08"]

1. e4 e5 2. Nf3 Nc6 3. d4 exd4 4. Bc4 Nf6 5. e5 d5 6. Bb5 Ne4 7. Nxd4 Bc5 8.
Be3 Bd7 9. Bxc6 bxc6 10. Nd2 Nxd2 11. Qxd2 Bb6 12. O-O c5 13. Bg5 Qc8 14. Ne2
Bc6 15. Kh1 h6 16. Bh4 g5 17. Bg3 Qe6 18. f4 O-O-O 19. b4 d4 20. bxc5 Bxc5 21.
Nc1 h5 22. fxg5 h4 23. Bf4 h3 24. Rf2 d3 25. Nxd3 hxg2+ 26. Kg1 Bd4 27. Rd1 Rh3
0-1

[Event "Campeonato de España Universitario 2008"]
[Site "Madrid ESP"]
[Date "2008.05.10"]
[Round "7.17"]
[White "Martinez Martin, Iñigo"]
[Black "Jimenez Lopez, Antonio"]
[Result "1-0"]
[WhiteElo "2228"]
[BlackElo "2146"]
[PlyCount "57"]
[EventDate "2008.05.08"]
[EventType "swiss"]
[EventRounds "9"]
[EventCountry "ESP"]
[Source "lmi"]
[SourceDate "2008.05.08"]

1. e4 c5 2. Nf3 e6 3. c3 d5 4. exd5 exd5 5. d4 c4 6. b3 b5 7. a4 Bd6 8. axb5
Qe7+ 9. Qe2 cxb3 10. Qxe7+ Nxe7 11. Nbd2 Bg4 12. Be2 Nd7 13. Nxb3 O-O 14. Ba3
Bxa3 15. Rxa3 Rfc8 16. Nbd2 Nb6 17. O-O Nf5 18. Rfa1 Nd6 19. Bd3 f6 20. h3 Bd7
21. Rxa7 Rxa7 22. Rxa7 Rxc3 23. Bf1 Bxb5 24. Bxb5 Nxb5 25. Rb7 Rc6 26. Nb3 Nd6
27. Rb8+ Kf7 28. Nc5 Rc8 29. Rxb6 1-0

[Event "Campeonato de España Universitario 2008"]
[Site "Madrid ESP"]
[Date "2008.05.10"]
[Round "7.18"]
[White "Gonzalez Merino, Alberto"]
[Black "Hajmohamad Ali, Ehsan"]
[Result "1-0"]
[WhiteElo "2174"]
[BlackElo "2227"]
[PlyCount "65"]
[EventDate "2008.05.08"]
[EventType "swiss"]
[EventRounds "9"]
[EventCountry "ESP"]
[Source "lmi"]
[SourceDate "2008.05.08"]

1. d4 Nf6 2. c4 e5 3. dxe5 Ng4 4. Bf4 Bb4+ 5. Nd2 Nc6 6. Ngf3 Qe7 7. e3 Ngxe5
8. Nxe5 Nxe5 9. Be2 a5 10. a3 Bc5 11. Nb3 Bb6 12. c5 Ba7 13. Qd5 d6 14. cxd6
cxd6 15. Bb5+ Kf8 16. Nd4 g5 17. Bg3 Kg7 18. O-O h5 19. f3 h4 20. Bf2 h3 21. g3
g4 22. f4 Bxd4 23. Qxd4 f6 24. fxe5 fxe5 25. Qe4 Rf8 26. Be1 Rxf1+ 27. Bxf1 Be6
28. Bd3 Kh8 29. Bd2 Rf8 30. Rf1 Rxf1+ 31. Kxf1 Qf7+ 32. Ke1 Bd5 33. Qxg4 1-0

[Event "Campeonato de España Universitario 2008"]
[Site "Madrid ESP"]
[Date "2008.05.10"]
[Round "7.19"]
[White "Navarro Ortiz De Ortuño, Borja Ed"]
[Black "Cuenca Jimenez, Francisco Javier"]
[Result "0-1"]
[WhiteElo "2224"]
[BlackElo "2130"]
[PlyCount "108"]
[EventDate "2008.05.08"]
[EventType "swiss"]
[EventRounds "9"]
[EventCountry "ESP"]
[Source "lmi"]
[SourceDate "2008.05.08"]

1. d4 d5 2. Nf3 e6 3. c4 Nf6 4. Qc2 Be7 5. g3 O-O 6. Bg2 b6 7. O-O Bb7 8. b3
Nbd7 9. Bb2 Rc8 10. Nbd2 dxc4 11. Nxc4 c5 12. dxc5 Bxc5 13. Rad1 b5 14. Ng5 g6
15. Bxb7 Rc7 16. Ba6 bxc4 17. Bxc4 Qe7 18. Qc3 e5 19. Qd2 Nb6 20. Rc1 Rd7 21.
Qc2 Nxc4 22. Qxc4 Rc7 23. Qh4 Rfc8 24. Rcd1 Nh5 25. g4 h6 26. gxh5 hxg5 27. Qh3
Kg7 28. hxg6 Rh8 29. Qg3 f6 30. Rd5 Kxg6 31. Rfd1 Qe6 32. Qg2 Rh4 33. Kf1 Rg4
34. Qh1 Rf4 35. f3 Bd4 36. e3 Rh4 37. f4 Bxb2 38. Qg2 exf4 39. Qxb2 fxe3 40.
Qb1+ Kh6 41. Qd3 Qh3+ 42. Ke1 Qf3 43. Rf5 Rf4 44. Rxf4 gxf4 45. Qe2 Qh1+ 46.
Qf1 Qxf1+ 47. Kxf1 f3 48. Re1 Rc3 49. b4 Kg5 50. b5 Kf4 51. Rb1 Ke4 52. a4 Rd3
53. a5 e2+ 54. Kf2 Rd1 0-1

[Event "Campeonato de España Universitario 2008"]
[Site "Madrid ESP"]
[Date "2008.05.10"]
[Round "7.20"]
[White "Sanchez Saez, Francisco"]
[Black "Hidalgo Duque, Carlos"]
[Result "1-0"]
[WhiteElo "2219"]
[BlackElo "2134"]
[PlyCount "57"]
[EventDate "2008.05.08"]
[EventType "swiss"]
[EventRounds "9"]
[EventCountry "ESP"]
[Source "lmi"]
[SourceDate "2008.05.08"]

1. e4 c5 2. Nf3 a6 3. d4 cxd4 4. Nxd4 e6 5. Bd3 Nc6 6. Nxc6 dxc6 7. O-O e5 8.
f4 Bd6 9. Nc3 Nf6 10. h3 O-O 11. Kh1 exf4 12. Bxf4 Bxf4 13. Rxf4 Qe7 14. Qf3
Qe5 15. Rf1 Be6 16. Ne2 Qg5 17. Ng3 Nd7 18. Nf5 Ne5 19. Qf2 Bxf5 20. exf5 Nxd3
21. cxd3 f6 22. Qd4 Qh5 23. Re1 Qf7 24. Rfe4 Rad8 25. Qb4 Rxd3 26. Re7 Qd5 27.
Qg4 Rf7 28. Re8+ Rf8 29. Qh5 1-0

[Event "Campeonato de España Universitario 2008"]
[Site "Madrid ESP"]
[Date "2008.05.10"]
[Round "7.21"]
[White "Prieto Aranguren, Alain"]
[Black "Jimenez Martinez, Jose Vicente"]
[Result "1-0"]
[WhiteElo "2170"]
[BlackElo "2202"]
[PlyCount "101"]
[EventDate "2008.05.08"]
[EventType "swiss"]
[EventRounds "9"]
[EventCountry "ESP"]
[Source "lmi"]
[SourceDate "2008.05.08"]

1. d4 g6 2. c4 Bg7 3. Nc3 d6 4. d5 Nf6 5. e4 O-O 6. Be2 c5 7. Nf3 Na6 8. O-O
Nc7 9. a4 b6 10. h3 a6 11. Bf4 Nd7 12. Qd2 Ne8 13. Bh6 Ne5 14. Bxg7 Nxf3+ 15.
Bxf3 Kxg7 16. Rfe1 f6 17. Ne2 Rb8 18. b3 b5 19. axb5 axb5 20. Ra7 bxc4 21. bxc4
Rb4 22. Qc3 Nc7 23. Nf4 Kg8 24. Rea1 Bd7 25. Nd3 Rb6 26. Bg4 Bxg4 27. hxg4 e5
28. dxe6 Nxe6 29. Qd2 g5 30. Qe3 Rf7 31. Rxf7 Kxf7 32. Ra7+ Kg8 33. Qh3 Nf8 34.
Qh6 Nd7 35. f4 Rb1+ 36. Kh2 Rb3 37. Nf2 gxf4 38. g5 Rg3 39. gxf6 Rg6 40. f7+
Kxf7 41. Qxh7+ Rg7 42. Qf5+ Kg8 43. Qe6+ Kh8 44. Nh3 Qh4 45. Ra8+ Kh7 46. Qf5+
Rg6 47. Qxd7+ Rg7 48. Qf5+ Rg6 49. Ra7+ Kh6 50. Qf8+ Kh5 51. Rh7+ 1-0